| 000 | 00668nam a22002297a 4500 | ||
|---|---|---|---|
| 003 | UA-OsUOA | ||
| 001 | 43272 | ||
| 007 | ta | ||
| 008 | 20090601b un ||||| |||| 00| 0 ukr d | ||
| 100 | _aІларіон | ||
| 090 |
_a27(477) _bИ99 |
||
| 942 | _cBR | ||
| 040 |
_aUA-OsUOA _bukr _cUA-OsUOA _dUA-OsUOA |
||
| 245 |
_aУкраїнська церква _bІдеологія української національної культури |
||
| 300 | _a20 с. | ||
| 955 | _a4 | ||
| 041 | _aukr | ||
| 080 | _a27(477) | ||
| 260 |
_b"Демократ" _c1992 |
||
| 650 | 7 |
_a27 Загальна історія Християнської церкви _2UDC |
|
| 999 |
_c441746 _d441746 |
||